Savills UK commercial development activity PMI (Record no. 108392)
[ view plain ]
| 000 -LEADER | |
|---|---|
| fixed length control field | 01149cad a22002295a 4500 |
| 001 - CONTROL NUMBER | |
| control field | L144155 |
| 008 - FIXED-LENGTH DATA ELEMENTS--GENERAL INFORMATION | |
| fixed length control field | 080624s2008 xxkad f s 000 0 eng d |
| 035 ## - SYSTEM CONTROL NUMBER | |
| System control number | (Sirsi) u144155 |
| 041 0# - LANGUAGE CODE | |
| Language code of text/sound track or separate title | eng |
| 050 04 - LIBRARY OF CONGRESS CALL NUMBER | |
| Classification number | 333.337 $2 18 |
| 110 2# - MAIN ENTRY--CORPORATE NAME | |
| Corporate name or jurisdiction name as entry element | Savills |
| 9 (RLIN) | 2020 |
| 245 00 - TITLE STATEMENT | |
| Title | Savills UK commercial development activity PMI |
| Remainder of title | June 2008 |
| Medium | [electronic resource] |
| 260 ## - PUBLICATION, DISTRIBUTION, ETC. | |
| Place of publication, distribution, etc. | London |
| Name of publisher, distributor, etc. | Savills |
| Date of publication, distribution, etc. | 2008 |
| 490 #0 - SERIES STATEMENT | |
| Series statement | Savills UK Commercial Development Activity PMI |
| Volume/sequential designation | June 2008 |
| 520 ## - SUMMARY, ETC. | |
| Summary, etc. | Reports a further sharp fall in overall commercial development, especially in the private office sector. The Total Commercial Development Activity index rose to -19.7% in May, from -20.8% in April. This figure is the second lowest in the survey's history. In May, the Future Activity index was -30.1%, slightly higher than the previous month. |
| 590 ## - LOCAL NOTE (RLIN) | |
| Local note | KA |
| 650 24 - SUBJECT ADDED ENTRY--TOPICAL TERM | |
| Topical term or geographic name entry element | SAVILLS UK COMMERCIAL DEVELOPMENT ACTIVITY PMI |
| 651 #4 - SUBJECT ADDED ENTRY--GEOGRAPHIC NAME | |
| Geographic name | United Kingdom |
| Chronological subdivision | |
| 690 ## - LOCAL SUBJECT ADDED ENTRY--TOPICAL TERM (OCLC, RLIN) | |
| Topical term or geographic name as entry element | PROPERTY-COMMERCIAL PROPERTY-COMMERCIAL PROPERTY MARKET |
| 856 40 - ELECTRONIC LOCATION AND ACCESS | |
| Uniform Resource Identifier | <a href="https://www.savills.com/">https://www.savills.com/</a> |
| Public note | View this report free of charge following registration under research at www.savills.com... |
| 942 ## - ADDED ENTRY ELEMENTS (KOHA) | |
| Suppress in OPAC | 0 |
| Withdrawn status | Lost status | Source of classification or shelving scheme | Damaged status | Not for loan | Home library | Current library | Shelving location | Date acquired | Total Checkouts | Full call number | Barcode | Date last seen | Copy number | Price effective from | Koha item type |
|---|---|---|---|---|---|---|---|---|---|---|---|---|---|---|---|
| Dewey Decimal Classification | Virtual | Virtual | Online | 25/06/2008 | ONLINE PUBLICATION | 144155-2001 | 06/08/2019 | 1 | 06/08/2019 | Book |